Normal view
MARC view
- ACC NO-30234
Entry Topical Term
001 - CONTROL NUMBER
- control field: 73492
003 - CONTROL NUMBER IDENTIFIER
- control field: NUST
005 - DATE AND TIME OF LATEST TRANSACTION
- control field: 20210628205026.0
008 - FIXED-LENGTH DATA ELEMENTS
- fixed length control field: 210628|| aca||aabn | a|a d
040 ## - CATALOGING SOURCE
- Original cataloging agency: NUST
- Transcribing agency: NUST
150 ## - HEADING--TOPICAL TERM
- Topical term or geographic name entry element: ACC NO-30234
670 ## - SOURCE DATA FOUND
- Source citation: Work cat.: (NUST): Mara, Mary Jane 61229, Web heada mac guide to the world wide web, 1995
